Music Quiz

Random Music or Kpop Quiz

Kpop Criteria Quiz 5 (JYP Edition) Stats

 Plays Quiz not verified by Sporcle

Challenge
Share
Tweet
Embed
Score 0/10 Timer 10:00
1 Play Today
% Correct
???
98.8%
???
79.5%
???
64.5%
???
63.4%
???
30%
???
20.2%
???
17.3%
???
12.9%
???
11.9%
???
11.1%

You're not logged in!

Compare scores with friends on all Sporcle quizzes.
OR
Log In

You Might Also Like...

Show Comments

Extras

Created May 28, 2017ReportNominate
Tags:Kpop Quiz, kpop idol, Kpop Quiz

Top Quizzes Today


Score Distribution

Your Account Isn't Verified!

In order to create a playlist on Sporcle, you need to verify the email address you used during registration. Go to your Sporcle Settings to finish the process.

Report this User

Report this user for behavior that violates our Community Guidelines.

Details: